Abc's of antennas / (Record no. 33183)

MARC details
000 -LEADER
fixed length control field 00654nam a2200193 a 4500
008 - FIXED-LENGTH DATA ELEMENTS--GENERAL INFORMATION
fixed length control field 060316s1976 ||||||||||||||||| || u
020 ## - INTERNATIONAL STANDARD BOOK NUMBER
International Standard Book Number 0672213001
050 ## - LIBRARY OF CONGRESS CALL NUMBER
Classification number TK 6565.A6 Lyt
100 ## - MAIN ENTRY--PERSONAL NAME
Personal name Waters, Farl Jacob
245 10 - TITLE STATEMENT
Title Abc's of antennas /
250 ## - EDITION STATEMENT
Edition statement 2d ed.
260 ## - PUBLICATION, DISTRIBUTION, ETC.
Place of publication, distribution, etc. Indianapolis :
Name of publisher, distributor, etc. H. W. Sams
Date of publication, distribution, etc. 1976
260 ## - PUBLICATION, DISTRIBUTION, ETC.
Place of publication, distribution, etc. Indianapolis :
Name of publisher, distributor, etc. Howard W. Sams & Co
Date of publication, distribution, etc. 1976
300 ## - PHYSICAL DESCRIPTION
Extent 127 p. : ill.
350 ## - PRICE (NR) (BK AM CF MU VM SE) [OBSOLETE]
Price 0.00
650 ## - SUBJECT ADDED ENTRY--TOPICAL TERM
Topical term or geographic name entry element RADIO--ANTENNAS
700 ## - ADDED ENTRY--PERSONAL NAME
Personal name Lytel, Allan Herbert, 1920-
995 ## - RECOMMENDATION 995 [LOCAL, UNIMARC FRANCE]
-- 0.00
-- CBU-MAIN LIBRARY (Kitwe)
-- 1
-- 3.00
-- WEEDED
-- Main Library Open Access Collection
Holdings
Withdrawn status Lost status Source of classification or shelving scheme Damaged status Not for loan Home library Current library Shelving location Date acquired Total Checkouts Full call number Barcode Date last seen Price effective from Koha item type
          CBU-MAIN LIBRARY, KITWE. CBU-MAIN LIBRARY, KITWE.   11/30/2022   TK 6565.A6 Lyt 015932 11/30/2022 11/30/2022 MONOGRAPH